| 000 | 00789nam a2200193Ia 4500 | ||
|---|---|---|---|
| 003 | OSt | ||
| 005 | 20250821092359.0 | ||
| 008 | 210210b2005 xxu||||| |||| 00| 0 eng d | ||
| 040 | _cAL | ||
| 041 | _aKannada | ||
| 082 | _aK894.109 SHRS | ||
| 100 |
_aSHRI GURUPRIYAVITALADASI. _dಶ್ರೀ ಗುರುಪ್ರಿಯವಿಠಲದಾಸಿ _9236727 |
||
| 245 |
_aShri Haridasavijaya: karnataka haridasara jivana sadhanegala sankshipta sangraha. _bಶ್ರೀ ಹರಿದಾಸವಿಜಯ : ಕರ್ನಾಟಕ ಹರಿದಾಸರ ಜೀವನ ಸಾಧನೆಗಳ ಸಂಕ್ಷಿಪ್ತ ಸಂಗ್ರಹ |
||
| 260 |
_aMaisuru _bGurukrapa granthamale _c2005 |
||
| 300 | _axix,515 | ||
| 690 |
_aKannada Poetry Criticism _9236736 |
||
| 906 | _a059946 | ||
| 942 |
_2ddc _cBK |
||
| 999 |
_c107034 _d107034 |
||